| 000 | 01060nam1a22002891 4500 | ||
|---|---|---|---|
| 001 | rc\4407573 | ||
| 005 | 20210922144427.0 | ||
| 021 |
_aRU _b[63-85955] |
||
| 021 |
_aRU _b[63-77666] |
||
| 035 | _a(NLR Aleph) 008301309 | ||
| 090 |
_a8637771 _c8637771 |
||
| 100 | _a20130416d1963 |||y0rusy50 ca | ||
| 101 | 0 | _arus | |
| 102 | _aRU | ||
| 105 | _a z |||a| | ||
| 200 | 1 |
_aБратья Карамазовы _eРоман в 4 ч. с эпилогом _f[Вступ. статья Б.С. Рюрикова, с. 3-34 _gИл.: А. Гончаров]. Т. 1-2 |
|
| 210 |
_aМосква _cГослитиздат _d1963 |
||
| 215 |
_a2 т. _d20 |
||
| 700 | 1 |
_aДостоевский _bФ. М. _f1821-1881 _gФедор Михайлович _3RU\NLR\auth\77838 |
|
| 702 | 1 |
_aРюриков _bБ. С. _4080 |
|
| 702 | 1 |
_aГончаров _bА. Д. _cхудожник _f1903-1979 _gАндрей Дмитриевич _3RU\NLR\AUTH\770193582 _4440 |
|
| 801 | 0 |
_aRU _bNLR _gpsbo |
|
| 801 | 1 |
_aRU _bELAR _2rusmarc |
|
| 852 |
_aNLR _j63-3/5514 |
||
| 942 | _cBOOK | ||
| 980 | _aNB | ||